Wszyscy zwycięzcy Eredevisie - nagła śmierć - Statystyki

Ogólne statystyki
  • Ten quiz został rozwiązany 89 razy
  • Średni wynik to 9 z 29
Answers on the Grid
Answers color-coded by a green-red scale on the quiz's grid according to % correct below.
VVSB Noordwijkerhout
Quick Boys
Rapid JC (- 1962)
FC Eindhoven
Spakenburg
IJsselmeervogels
VV DOS Utrecht
DWS Amsterdam
Barendrecht
VV Katwijk
DVS '33 Ermelo
HVV Den Haag
Sparta Rotterdam
HHC Hardenberg
ASWH Hendrik-Ido-Ambacht
SV Limburgia (- 1998)
Feyenoord Rotterdam
Excelsior Maassluis
Jong Utrecht
GVVV Veenendaal
ADO Den Haag
TEC Tiel
Heracles Almelo
FC Twente Enschede
Achilles '29
UNA Veldhoven
PSV Eindhoven
RCH Heemstede
VV Noordwijk
RAP Amsterdam (- 1913)
Rijnsburgse Boys
Jong PSV
Be Quick 1887
SVV Schiedam
FC Lisse
OFC Oostzaan
NAC Breda
ADO '20
Go Ahead Eagles Deventer
SC Enschede
Koninklijke HFC Haarlem
AZ Alkmaar
Eemdijk
Jong Ajax
VV Capelle
DOSKO Bergen op Zoom
RKSV Groene Ster
HBS Craeyenhout
EFC Eersel
Jong AZ
Harkemase Boys
VOC Rotterdam
HV & CV Quick
FC Den Bosch
Ajax Amsterdam
HFC Haarlem (- 2009)
Willem II Tilburg
ASC De Volewijckers
 
Statystyki odpowiedzi
Odpowiedź % Poprawnych
Ajax Amsterdam
87%
AZ Alkmaar
82%
Feyenoord Rotterdam
82%
PSV Eindhoven
77%
Sparta Rotterdam
72%
FC Twente Enschede
68%
FC Eindhoven
56%
NAC Breda
52%
ADO Den Haag
50%
Willem II Tilburg
45%
HVV Den Haag
29%
Heracles Almelo
28%
VV DOS Utrecht
23%
FC Den Bosch
22%
RAP Amsterdam (- 1913)
21%
Go Ahead Eagles Deventer
17%
Rapid JC (- 1962)
17%
SV Limburgia (- 1998)
15%
VOC Rotterdam
15%
HFC Haarlem (- 2009)
13%
DWS Amsterdam
12%
SC Enschede
5%
Koninklijke HFC Haarlem
4%
Be Quick 1887
2%
ASC De Volewijckers
1%
HBS Craeyenhout
1%
HV & CV Quick
0%
RCH Heemstede
0%
SVV Schiedam
0%
Nie znaleziono quizów pasujących do podanych kryteriów
Rozkład punktacji
Procent ludzi z każdym wynikiem
Percentyl według liczby udzielonych odpowiedzi
Twoja historia wyników
Nie rozwiązałeś tego quizu